| 000 | 00416nam a2200157Ia 4500 | ||
|---|---|---|---|
| 005 | 20250612032346.0 | ||
| 008 | 240331s9999 xx 000 0 und d | ||
| 020 | _a955956451X | ||
| 082 |
_bPIY _a320 |
||
| 100 | _aPiyasena, L | ||
| 245 | 0 | _aVasunu manpetha | |
| 260 |
_aKaluthara _bLuxman Piyasena _c1994 |
||
| 300 | _a165 p ., | ||
| 500 | _aA historical analysis of the political tradition of giruwaya | ||
| 942 | _cL | ||
| 999 |
_c2324 _d2324 |
||